| Tag |
First Indicator |
Second Indicator |
Subfields |
| LEADER |
00000cam a2200000 i 4500 |
| 001 |
in00000473003 |
| 005 |
20151013051110.0 |
| 008 |
750325s1974 nyuaf b 001 0beng |
| 010 |
|
|
|a 73093123
|
| 019 |
|
|
|a 1322050
|a 3634669
|
| 020 |
|
|
|a 0871405865
|
| 020 |
|
|
|a 9780871405869
|
| 035 |
|
|
|a (OCoLC)ocm01237969
|
| 035 |
|
|
|9 ACA8475AM
|
| 035 |
|
|
|a (OCoLC)1237969
|z (OCoLC)1322050
|z (OCoLC)3634669
|
| 040 |
|
|
|a DLC
|b eng
|c DLC
|d BAKER
|d BTCTA
|d OCLCG
|d YDXCP
|d CUY
|d OCLCA
|d OCLCQ
|d OCLCF
|d OCLCO
|d OCLCQ
|d TXA
|d UtOrBLW
|
| 043 |
|
|
|a n-us-mt
|
| 049 |
|
|
|a TXAM
|
| 050 |
0 |
0 |
|a E83.876
|b .T95
|
| 082 |
0 |
0 |
|a 973.8/2/0924
|
| 245 |
0 |
4 |
|a The two battles of the Little Big Horn /
|c edited by John M. Carroll ; illustrated by Lorence Bjorklund.
|
| 264 |
|
1 |
|a New York :
|b Liveright,
|c [1974]
|
| 264 |
|
4 |
|c ©1974
|
| 300 |
|
|
|a x, 214 pages, 1 unnumbered folded leaf of plates :
|b illustrations ;
|c 27 cm
|
| 336 |
|
|
|a text
|b txt
|2 rdacontent
|
| 337 |
|
|
|a unmediated
|b n
|2 rdamedia
|
| 338 |
|
|
|a volume
|b nc
|2 rdacarrier
|
| 500 |
|
|
|a "General George A. Custer and the battle of the Little Big Horn, by General E.S. Godfrey": pages [33]-125.
|
| 504 |
|
|
|a Includes bibliographical references and index.
|
| 505 |
0 |
|
|a Godfrey, E.S. General George A. Custer and the Battle of the Little Big Horn -- Comments by General Fry on the Custer Battle -- The famous letter of Gen. Jas. Brisbin to Gen. E.S. Godfrey -- Letter from William E. Morris to Robert Bruce -- Letter from Lieutenant Roe to his wife dated June 28, 1876 -- Letter from Lieutenant Roe to his wife dated July 4, 1876 -- Article by General Roe dated March 1910.
|
| 650 |
|
0 |
|a Little Bighorn, Battle of the, Mont., 1876.
|
| 600 |
1 |
0 |
|a Custer, George A.
|q (George Armstrong),
|d 1839-1876.
|
| 600 |
1 |
7 |
|a Custer, George A.
|q (George Armstrong),
|d 1839-1876.
|2 fast
|0 (OCoLC)fst01716947
|
| 611 |
2 |
7 |
|a Little Bighorn, Battle of the (Montana :
|d (1876)
|2 fast
|0 (OCoLC)fst01353578
|
| 651 |
|
7 |
|a Montana.
|2 fast
|0 (OCoLC)fst01207555
|
| 648 |
|
7 |
|a 1876
|2 fast
|
| 700 |
1 |
|
|a Carroll, John M.
|q (John Melvin),
|d 1928-1990.
|
| 700 |
1 |
|
|a Bjorklund, Lorence F.
|
| 700 |
1 |
2 |
|a Godfrey, Edward Settle,
|d 1843-1932.
|t General George A. Custer and the battle of the Little Big Horn.
|
| 938 |
|
|
|a Baker & Taylor
|b BKTY
|c 23.95
|d 23.95
|i 084880029X
|n 0001754654
|s active
|
| 938 |
|
|
|a Baker and Taylor
|b BTCP
|n 73093123 //r922
|
| 938 |
|
|
|a YBP Library Services
|b YANK
|n 3921001
|
| 994 |
|
|
|a C0
|b TXA
|
| 948 |
|
|
|a cataloged
|b h
|c 2014/10/24
|d c
|e nbehmer
|f 8:48:21 am
|
| 999 |
|
|
|a MARS
|
| 999 |
f |
f |
|s c4b1a6a1-fb92-3245-a5a7-18a33ec1cd67
|i 58841e3f-77e0-3e23-9471-83beaff49e43
|t 0
|
| 952 |
f |
f |
|p normal
|a Texas A&M University
|b College Station
|c Sterling C. Evans Library
|d Evans: Library Stacks
|t 0
|e E83.876 .T95
|h Library of Congress classification
|i unmediated -- volume
|m A14802132965
|
| 998 |
f |
f |
|a E83.876 .T95
|t 0
|l Evans: Library Stacks
|